| 000 | 00559nam a22001932 4500 | ||
|---|---|---|---|
| 001 | 0000000970 | ||
| 005 | 20151217155806.0 | ||
| 008 | 070222s xx 000 0 eng d | ||
| 040 |
_aKABU _cKABU |
||
| 050 | 0 |
_aDT351 _b.S7F37 |
|
| 100 | 1 |
_aFarwell, Byron. _@0000081686 |
|
| 245 | 1 | 4 |
_aThe Man who presumed : _ba biography of Henry M. Stanley. |
| 260 |
_aLondon : _bLongmans, _c1957. |
||
| 300 | _aix, 334 p. | ||
| 600 | 1 | 0 |
_aStanley, Henry Morton. _@0000148657 |
| 908 | _a070222 | ||
| 950 | _@1 | ||
| 999 |
_c12473 _d12473 |
||